Meranie spoločenskej hodnoty regionálnych podujatí
Typológia podujatí podľa vybraných autorov. Teoretické východiská pre skúmanie spoločenskej hodnoty podujatí v kontexte cestovného ruchu. Dimenzie hodnoty podujatia podľa Getza. Konštrukcia systému spoločenskej hodnoty plánovaného podujatia v kontexte cestovného ruchu. Indikátory spoločenskej hodnot...
Na minha lista:
| Autor principal: | |
|---|---|
| Outros Autores: | , |
| Formato: | Capítulo de Livro |
| Idioma: | eslovaco |
| Assuntos: | |
| Tags: |
Sem tags, seja o primeiro a adicionar uma tag!
|
MARC
| LEADER | 00000nla a2200000 4500 | ||
|---|---|---|---|
| 001 | 0226578 | ||
| 005 | 20240502083606.7 | ||
| 041 | 0 | |a slo | |
| 044 | |a CZ | ||
| 245 | 1 | 0 | |a Meranie spoločenskej hodnoty regionálnych podujatí |c Iveta Fodranová, Viera Kubičková, Anna Michálková |
| 520 | |a Typológia podujatí podľa vybraných autorov. Teoretické východiská pre skúmanie spoločenskej hodnoty podujatí v kontexte cestovného ruchu. Dimenzie hodnoty podujatia podľa Getza. Konštrukcia systému spoločenskej hodnoty plánovaného podujatia v kontexte cestovného ruchu. Indikátory spoločenskej hodnoty cestovného ruchu na regionálnej úrovni. | ||
| 610 | 2 | 0 | |a ruch cestovný |
| 610 | 2 | 0 | |a hodnota |
| 610 | 2 | 0 | |a zamestnanosť |
| 610 | 2 | 0 | |a nezamestnanosť |
| 610 | 2 | 0 | |a kvalita života |
| 610 | 2 | 0 | |a financie |
| 610 | 2 | 0 | |a regióny |
| 100 | 1 | |a Fodranová, Iveta, 1959- | |
| 700 | 1 | |a Kubičková, Viera, 1970- | |
| 700 | 1 | |a Michálková, Anna, 1968- | |